The two cultures rift (Record no. 70004)

MARC details
000 -LEADER
fixed length control field 01247cam a2200229 4500
001 - CONTROL NUMBER
control field ABS65433
008 - FIXED-LENGTH DATA ELEMENTS--GENERAL INFORMATION
fixed length control field 020418n2002 000 0 eng u
035 ## - SYSTEM CONTROL NUMBER
System control number (Sirsi) u117557
100 ## - MAIN ENTRY--PERSONAL NAME
Personal name Osbourne, H
245 #4 - TITLE STATEMENT
Title The two cultures rift
260 ## - PUBLICATION, DISTRIBUTION, ETC.
Date of publication, distribution, etc. 2002
490 ## - SERIES STATEMENT
Series statement Estates Gazette
Volume/sequential designation (0213) 30 March 2002, 84(1)
520 ## - SUMMARY, ETC.
Summary, etc. Chairman and vice president of the RICS Management Consultancy Faculty present their views on property firms offering management consultancy services. Chairman Paul Winter argues that management consultancy should be kept separate from other surveying services so that property firms maintain their client's trust. Winter highlights the differences between management consultants and surveyors, arguing that surveyors should take MBA qualifications to avoid being left behind in the business world. In response to the growing need for consultancy, the RICS Management Consultancy Faculty plans to set up a higher qualification criteria for chartered management consultant surveyors.
590 ## - LOCAL NOTE (RLIN)
Local note ABS
650 ## - SUBJECT ADDED ENTRY--TOPICAL TERM
Topical term or geographic name entry element Management consultancy
9 (RLIN) 6255
650 ## - SUBJECT ADDED ENTRY--TOPICAL TERM
Topical term or geographic name entry element RICS
650 ## - SUBJECT ADDED ENTRY--TOPICAL TERM
Topical term or geographic name entry element SURVEYORS
650 ## - SUBJECT ADDED ENTRY--TOPICAL TERM
Topical term or geographic name entry element MBAS
650 ## - SUBJECT ADDED ENTRY--TOPICAL TERM
Topical term or geographic name entry element MANAGEMENT-BUSINESS MANAGEMENT
690 ## - LOCAL SUBJECT ADDED ENTRY--TOPICAL TERM (OCLC, RLIN)
Topical term or geographic name as entry element PROFESSIONAL PRACTICE
942 ## - ADDED ENTRY ELEMENTS (KOHA)
Suppress in OPAC 0
Holdings
Withdrawn status Lost status Source of classification or shelving scheme Damaged status Not for loan Home library Current library Shelving location Date acquired Total Checkouts Full call number Barcode Date last seen Copy number Price effective from Koha item type
    Dewey Decimal Classification     London London Journal article 18/04/2002   ABS65433 117557-1001 06/08/2019 1 06/08/2019 Journal article